|
|
|
|
| LEADER |
01624nam a22004212a 4500 |
| 001 |
000973613 |
| 003 |
CZ BrMZK |
| 005 |
20161110151530.0 |
| 007 |
ta |
| 008 |
091027s1986 xr o erc||||||||||slo d |
| 015 |
|
|
|a cnb000017887
|
| 035 |
|
|
|a (OCoLC)39406653
|
| 040 |
|
|
|a ABA001
|b cze
|d ABA001
|
| 045 |
|
|
|a x-x-
|
| 072 |
|
7 |
|a 75
|x Malířství
|2 Konspekt
|9 21
|
| 080 |
|
|
|a 75(437.6)
|2 MRF
|
| 080 |
|
|
|a (083.824)
|2 MRF
|
| 100 |
1 |
|
|a Hološka, Ľudovít,
|d 1943-
|7 jn20000602988
|4 aut
|4 ill
|
| 245 |
1 |
0 |
|a Ľudovít Hološka :
|b obrazy : [katalog výstavy] : Brno, Malá galerie Čs. spisovatele, 26. 3.-15. 4. 1986 /
|c úvodní text autor ; redakce Zdeněk Čubrda ; foto P. Blažo, J. Staněk ; grafická úprava Boris Mysliveček
|
| 260 |
|
|
|a Brno :
|b Svaz československých výtvarných umělců,
|c 1986
|
| 300 |
|
|
|a [7] s. :
|b fot. ;
|c 20 cm
|
| 500 |
|
|
|a Seznam výstav
|
| 500 |
|
|
|a Slov. text
|
| 500 |
|
|
|a Životopisná data
|
| 500 |
|
|
|a 1000 výt.
|
| 500 |
|
|
|a Neprodejné
|
| 600 |
1 |
7 |
|a Hološka, Ľudovít,
|d 1943-
|7 jn20000602988
|
| 648 |
|
7 |
|a 20. století
|
| 650 |
0 |
7 |
|a slovenské malířství
|7 ph125672
|y 20. století
|2 czenas
|
| 655 |
|
7 |
|a katalogy výstav
|7 fd132536
|2 czenas
|
| 700 |
1 |
|
|a Blažo, Pavol,
|d 1943-
|7 mzk2009502620
|4 ill
|
| 700 |
1 |
|
|a Čubrda, Zdeněk,
|d 1949-
|7 jo20010084890
|4 red
|
| 700 |
1 |
|
|a Staněk, J.
|4 ill
|
| 910 |
|
|
|a BOA001
|b X-0901.934
|
| 990 |
|
|
|a BK
|
| 991 |
|
|
|b 200910
|
| 996 |
7 |
|
|b 2619264420
|c X-0901.934
|l MZK
|r Sklad / do 24 hodin
|n 0
|w 000973613
|u 000020
|a 1
|e BOA001
|j MZK50
|s A
|
| 996 |
6 |
|
|b 2619264421
|c X-0901.934
|l MZK
|r Sklad / do 24 hodin
|n 0
|w 000973613
|u 000010
|a 1
|e BOA001
|j MZK50
|s P
|